[Event "Titled Tuesday intern op 19th Mar Late"]
[Site "Chess.com INT"]
[Date "2024.03.19"]
[Round "1"]
[White "Lancman, Kyle"]
[Black "Krzyzanowski, Marcin"]
[Result "0-1"]
[WhiteElo "2075"]
[BlackElo "2524"]
[PlyCount "120"]
[EventDate "2024.03.19"]
[EventType "swiss (blitz)"]
[EventRounds "11"]
[EventCountry "USA"]
[SourceTitle "EXT 2025"]
[Source "ChessBase"]
[SourceDate "2024.10.14"]
[SourceVersion "1"]
[SourceVersionDate "2024.10.14"]
[SourceQuality "1"]

1. e4 c5 2. Nf3 a6 3. c4 Nc6 4. d4 cxd4 5. Nxd4 e6 6. Nc3 Qc7 7. a3 Nf6 8. Be3 Be7 9. Be2 0-0 10. 0-0 b6 11. Rc1 Bb7 12. f3 Nxd4 13. Bxd4 Bc5 14. b4 Bxd4+ 15. Qxd4 d6 16. Rfd1 Rfd8 17. Na4 Bc6 18. Qxb6 Qc8 19. Nc3 Nd7 20. Qe3 Ne5 21. f4 Ng6 22. Nd5 Qb7 23. Nc3 Rac8 24. Bd3 e5 25. f5 Nf4 26. g3 Nh5 27. Nd5 Bxd5 28. cxd5 Nf6 29. h3 Rxc1 30. Rxc1 Rc8 31. Kg2 h5 32. Rxc8+ Qxc8 33. Qe2 h4 34. gxh4 Qc3 35. Bxa6 Qxa3 36. Bd3 Qxb4 37. h5 Qd4 38. Qf3 Nxh5 39. Qxh5 Qxd3 40. Qf3 Qd2+ 41. Kg3 Kh7 42. Qh5+ Kg8 43. Qf3 Qe1+ 44. Kg2 Qh4 45. Qg4 Qh6 46. Qf3 Kh7 47. Qg4 Kg8 48. h4 Qe3 49. Kh2 Kf8 50. Qg5 Qf2+ 51. Kh3 Qf3+ 52. Kh2 f6 53. Qg2 Qf4+ 54. Kh3 Kg8 55. Qe2 g5 56. hxg5 fxg5 57. Qh5 Qe3+ 58. Kg4 Qg1+ 59. Kh3 Qh1+ 60. Kg4 Qg2# 0-1